Smallest to biggest countries of North America - Statistics

General Stats
  • This quiz has been taken 13 times
  • The average score is 10 of 23
Answer Stats
Size Country % Correct
3,855,101mi Canada
75%
101 mi St kitts and Nevis
75%
43,278 mi Honduras
63%
758,449 mi Mexico
63%
50,366 mi Nicaragua
63%
3,796,741mi USA
63%
19,730 mi Costa rica
50%
42,803 mi Cuba
50%
29,120 mi Panama
50%
171 mi Antigua and barbuda
38%
166 mi Barbados
38%
8,867 mi Belize
38%
18,972 mi Dominican rep.
38%
8,124 mi El salvador
38%
10,179 mi Haiti
38%
4,244 mi Jamaica
38%
238 mi St. Lucia
38%
5,359 mi Bahamas
25%
290 mi Dominica
25%
150 mi St Vincent and the grenadines
25%
1,980 mi Trinidad and Tobago
25%
42,042 mi Guatamala
13%
133 mi Greada
0%
No matching quizzes found
Score Distribution
Percent of People with Each Score
Percentile by Number Answered
Your Score History
You have not taken this quiz